000 01880nam a2200361 a 4500
001 000029912
003 OSt
005 20240925173556.0
008 110427s1974 dr 000 0 spa d
040 _aDO-SdBNP
_bspa
_cBNPHU
082 _a972.93054
_bR454d, 1974
245 0 3 _aLa revolución dominicana de abril vista por Cuba /
_cAntonio Ricardi ... [et al.].
250 _a[2a ed.]
260 _aSanto Domingo :
_bUASD,
_c1974.
_fTaller
300 _a251 p. ;
_c22 cm.
490 1 _aPublicaciones de la Universidad Autónoma de Santo Domingo
_v164
490 1 _aHistoria y sociedad
_v10
505 2 _gPresentación /
_rEmilio Cordero Michel --
_tLa doctrina Johnson --
_rAlvarez Tabío, Fernando --
_tIntervención y soberanía /
_rEloy G. Merino Brito --
_tLa presente intervención yanqui en la República Dominicana y el derecho internacional /
_rMiguel A. D'Estéfano Pisani --
_tLa crisis dominicana /
_rLuis Gómez-Wangüermert --
_tBreve cronología de las agresiones e intromisiones del imperialismo yanqui en la América Latina /
_rAntonio Riccardi --
_gDocumentos: Discursos /
_rFidel Castro Ruz.
590 _aInventariado, 2019/MFF
651 4 _aRepública Dominicana --
_xHistoria --
_y1961-
_96572
651 4 _aEstados Unidos
_xRelaciones exteriores
_zRepública Dominicana
_96309
651 4 _aRepública Dominicana
_xRelaciones exteriores
_zEstados Unidos
_96308
700 1 2 _aRicardi, Antonio
_956648
700 1 2 _aGómez-Wangüermert, Luis.
_956649
700 1 2 _aD'Estéfano Pisani, Miguel A.
_956650
700 1 2 _aMerino Brito, Eloy G.
_947475
700 1 2 _aAlvarez Tabío, Fernando
_956651
710 1 _aUniversidad Autónoma de Santo Domingo
_972951
830 0 _aPublicaciones de la Universidad Autónoma de Santo Domingo, no. 164
_n164
_956652
830 0 _aHistoria y sociedad
_n10
_956653
910 _aValidado. Control de calidad EMS
942 _2ddc
_cLBS1
999 _c29404
_d29404